000 00516nam a22001697a 4500
999 _c8456
_d8456
008 201125b ||||| |||| 00| 0 eng d
040 _aBMS College of Architecture
100 _aD, Pavan
245 _aAbode - the other side of development
300 _a40p.
500 _a1BM14AT061
502 _8B,Arch
_NBMS College of Architecture, Visvesvaraya Technological University (VTU)
_aProject report
_d2018
650 _aDevlopment
700 _aReshmi M K
_eGuide
700 _aSanthosh K
_eGuide
942 _2ddc
_cTHE